Adaptácia podnikov na zmeny v správaní spotrebiteľov
Analýza foriem adaptácie podnikov na zmeny spotrebiteľských trhov. Reagovanie na zmenené podmienky podnikateľského prostredia prostredníctvom nových marketingových koncepcií v krajinách strednej Európy a Slovenska.
Salvato in:
| Autore principale: | |
|---|---|
| Natura: | Capitolo di libro |
| Lingua: | slovacco |
| Soggetti: | |
| Tags: |
Nessun Tag, puoi essere il primo ad aggiungerne!!
|
MARC
| LEADER | 00000nla$a2200000$$$4500 | ||
|---|---|---|---|
| 001 | 0130084 | ||
| 005 | 20240502072505.0 | ||
| 041 | 0 | |a slo | |
| 044 | |a SK | ||
| 245 | 1 | 0 | |a Adaptácia podnikov na zmeny v správaní spotrebiteľov |c Dagmar Lesáková |
| 520 | |a Analýza foriem adaptácie podnikov na zmeny spotrebiteľských trhov. Reagovanie na zmenené podmienky podnikateľského prostredia prostredníctvom nových marketingových koncepcií v krajinách strednej Európy a Slovenska. | ||
| 610 | 2 | 0 | |a marketing manažment |
| 610 | 2 | 0 | |a stratégia marketingová |
| 610 | 2 | 0 | |a prostredie podnikateľské |
| 610 | 2 | 0 | |a stredná Európa |
| 610 | 2 | 0 | |a Slovensko |
| 610 | 2 | 0 | |a trh spotrebiteľský |
| 610 | 2 | 0 | |a infraštruktúra |
| 610 | 2 | 0 | |a maloobchod |
| 610 | 2 | 0 | |a správanie spotrebiteľa |
| 100 | 1 | |a Lesáková, Dagmar, 1949- | |